Súčasné problémy personálneho manažmentu : Záverečná práca

Salvato in:
Dettagli Bibliografici
Autore principale: Plavnická, Mária (Autore)
Altri autori: Holková, Andrea (xxx)
Natura: Manoscritto Libro
Lingua:slovacco
Pubblicazione: Trnava : STU v Bratislave MtF KMK, 1997
Soggetti:
Tags: Aggiungi Tag
Nessun Tag, puoi essere il primo ad aggiungerne!!

MARC

LEADER 00000ntm a22000003a 4500
001 stu74474
005 20160719155106.5
008 020301s1997----xo------------------slo-d
040 |a STU  |b slo 
041 0 |a slo 
044 |a xo 
100 1 |a Plavnická, Mária  |4 aut 
245 1 |a Súčasné problémy personálneho manažmentu :  |b Záverečná práca 
260 |a Trnava :  |b STU v Bratislave MtF KMK,  |c 1997 
300 |a 48 s  |c výťah 
650 7 |a manažment personálny  |2 stusub 
650 7 |a hospodárstvo podnikové  |2 stusub 
700 1 |a Holková, Andrea  |4 xxx  |u M4000  |U MTF Materiálovotechnologická fakulta  |T MTF Ústav priemyselného inžinierstva a manažmentu  |U M4000  |Y 84 
996 |b 284M041820  |c M*DP-1090  |l MMSKP  |s P  |a 0  |w stu74474_0001